Parámetros energéticos en el secamiento de la pulpa de café
Bewaard in:
| Hoofdauteur: | |
|---|---|
| Formaat: | Boek |
| Gepubliceerd in: |
San José, C.R.
2004
|
| Onderwerpen: | |
| Tags: |
Voeg label toe
Geen labels, Wees de eerste die dit record labelt!
|
MARC
| LEADER | 00000nam a2200000Ia 4500 | ||
|---|---|---|---|
| 003 | 009293 | ||
| 005 | 20221231144140.0 | ||
| 008 | 140114s2003 cr a m 000 ||s d | ||
| 040 | |c cru CEDI | ||
| 090 | |a TFG 4833 | ||
| 100 | |a Solís Ramírez, Kattia de los Ángeles |9 6585 | ||
| 245 | |a Parámetros energéticos en el secamiento de la pulpa de café | ||
| 260 | |a San José, C.R. |c 2004 | ||
| 300 | |a xi, 59, [31] hojas : ilustraciones a color | ||
| 500 | |a Tesis (licenciatura en ingeniería agrícola)--Universidad de Costa Rica, Facultad de Ingeniería, Escuela de Ingeniería Agrícola | ||
| 650 | |x PULPA DE CAFE |x SECADO |x METODOLOGIA |x PRODUCTOS DE RESIDUOS |9 6586 | ||
| 942 | |c TFG | ||
| 999 | |c 17600 |d 17600 | ||
